[Event "Africa-ch Blitz (Women)"]
[Site "Casablanca"]
[Date "2019.08.28"]
[Round "5.11"]
[White "Eshete, Ruth Leykun"]
[Black "Mululu, Linah"]
[Result "0-1"]
[WhiteElo "1495"]
[BlackElo "1648"]
[PlyCount "58"]
[EventDate "2019.08.28"]
[EventType "swiss (blitz)"]
[EventRounds "9"]
[EventCountry "MAR"]
[SourceTitle "EXT 2024"]
[Source "ChessBase"]
[SourceDate "2023.10.10"]
[SourceVersion "1"]
[SourceVersionDate "2023.10.10"]
[SourceQuality "1"]

1. e4 c5 2. Nf3 e6 3. d4 cxd4 4. Nxd4 a6 5. c4 Qc7 6. Nc3 Nc6 7. Nxc6 dxc6 8. Bd3 e5 9. 0-0 Nf6 10. Bg5 Be7 11. Be3 b6 12. h3 0-0 13. f4 Bb7 14. fxe5 Qxe5 15. Bf4 Qd4+ 16. Kh2 Rad8 17. Bc2 Qxc4 18. Qe1 c5 19. Qg3 Nh5 20. Qf3 Nxf4 21. Qxf4 Bd6 22. e5 Qxf4+ 23. Rxf4 Bxe5 24. Raf1 Bxf4+ 25. Rxf4 Rd2 26. Bb3 Rxg2+ 27. Kh1 Rf2+ 28. Kg1 Rxf4 29. Na4 c4 0-1

[Event "Africa-chT rapid (Women)"]
[Site "Casablanca"]
[Date "2019.08.26"]
[Round "5.10"]
[White "Gabatshwarwe, Refilwe"]
[Black "Mululu, Linah"]
[Result "1-0"]
[WhiteElo "1415"]
[BlackElo "1648"]
[PlyCount "76"]
[EventDate "2019.08.26"]
[EventType "swiss (rapid)"]
[EventRounds "9"]
[EventCountry "MAR"]
[SourceTitle "EXT 2020"]
[Source "ChessBase"]
[SourceDate "2019.10.17"]
[SourceVersion "1"]
[SourceVersionDate "2019.10.17"]
[SourceQuality "1"]

1. d4 d5 2. Nf3 Nf6 3. Bf4 e6 4. e3 Bd6 5. Bg3 Nbd7 6. Nbd2 b6 7. c3 Bb7 8. Bd3 0-0 9. Qe2 Ne4 10. Bxd6 cxd6 11. 0-0 f5 12. Rfe1 Rc8 13. Ba6 Bxa6 14. Qxa6 Rc7 15. Qd3 Qf6 16. a4 h6 17. h3 g5 18. Nh2 Qg6 19. f3 Nef6 20. Ndf1 e5 21. dxe5 dxe5 22. a5 e4 23. Qe2 Nc5 24. axb6 axb6 25. Ra3 exf3 26. gxf3 Re7 27. Rea1 Rfe8 28. Ra8 Qh5 29. Qb5 Ncd7 30. R1a7 f4 31. exf4 gxf4 32. Rxe8+ Qxe8 33. Ng4 Rg7 34. Kf2 Nxg4+ 35. hxg4 Re7 36. Qxd5+ Kg7 37. Qd4+ Kg8 38. Qxf4 Re2+ 1-0

[Event "Africa-chT rapid"]
[Site "Casablanca"]
[Date "2019.08.25"]
[Round "6.6"]
[White "Msukwa, Tupokiwe"]
[Black "Mululu, Linah"]
[Result "0-1"]
[WhiteElo "1289"]
[BlackElo "1633"]
[PlyCount "68"]
[EventDate "2019.08.24"]
[EventType "team-swiss (rapid)"]
[EventRounds "9"]
[EventCountry "MAR"]
[SourceTitle "EXT 2020"]
[Source "ChessBase"]
[SourceDate "2019.10.17"]
[SourceVersion "1"]
[SourceVersionDate "2019.10.17"]
[SourceQuality "1"]
[WhiteTeam "Malawi"]
[BlackTeam "Zambia"]
[WhiteTeamCountry "MWI"]
[BlackTeamCountry "ZAM"]

1. d4 d5 2. c4 e6 3. Nc3 Nf6 4. Nf3 Nbd7 5. a3 c6 6. c5 b6 7. b4 Be7 8. e3 0-0 9. Bd3 a5 10. Bb2 h6 11. h3 axb4 12. axb4 Bb7 13. 0-0 bxc5 14. bxc5 Qc7 15. Qc2 Rfb8 16. Rxa8 Rxa8 17. Ra1 Rxa1+ 18. Bxa1 Qa5 19. Qb2 Ba6 20. Bxa6 Qxa6 21. Na2 Ne4 22. Nb4 Qb5 23. Nxd5 exd5 24. Nd2 Nxd2 25. Qxd2 Qb1+ 26. Kh2 Qxa1 27. Qd3 Qe1 28. Qf5 Nf6 29. Qc8+ Kh7 30. Kg3 Ne4+ 31. Kh2 Qxf2 32. Qxc6 Bh4 33. Qxd5 Bg3+ 34. Kh1 Qf1# 0-1

[Event "Africa-chT rapid"]
[Site "Casablanca"]
[Date "2019.08.24"]
[Round "5.4"]
[White "Mululu, Linah"]
[Black "Pires, Luzia"]
[Result "0-1"]
[WhiteElo "1633"]
[BlackElo "1924"]
[PlyCount "70"]
[EventDate "2019.08.24"]
[EventType "team-swiss (rapid)"]
[EventRounds "9"]
[EventCountry "MAR"]
[SourceTitle "EXT 2020"]
[Source "ChessBase"]
[SourceDate "2019.10.17"]
[SourceVersion "1"]
[SourceVersionDate "2019.10.17"]
[SourceQuality "1"]
[WhiteTeam "Zambia"]
[BlackTeam "Angola"]
[WhiteTeamCountry "ZAM"]
[BlackTeamCountry "ANG"]

1. d4 d5 2. Nf3 e6 3. e3 Nf6 4. Nbd2 Bd6 5. Bd3 0-0 6. 0-0 c5 7. b3 b6 8. Bb2 h6 9. Ne5 Bb7 10. f4 Ne4 11. Ndf3 f5 12. c4 Nd7 13. Qe1 Ndf6 14. Qh4 Qe8 15. Nd7 Qxd7 16. Rae1 Qf7 17. Bxe4 Nxe4 18. dxc5 Nxc5 19. Rd1 Be7 20. Qg3 Ne4 21. Qe1 dxc4 22. Rd7 Bc6 23. Rc7 Rac8 24. Ne5 Qe8 25. Rxa7 cxb3 26. axb3 Bf6 27. Bd4 Bxe5 28. Bxe5 Rf7 29. Ra6 Bb5 30. Rxb6 Bxf1 31. Qxf1 Qd7 32. h3 Rc2 33. Rb8+ Kh7 34. Qf3 Qd2 35. Rb4 Qxb4 0-1

[Event "Antananarivo zt 4.3 (Women)"]
[Site "Antananarivo"]
[Date "2019.04.27"]
[Round "1"]
[White "Andriatsiferana, Irina"]
[Black "Mululu, Linah"]
[Result "1-0"]
[WhiteElo "1569"]
[BlackElo "1679"]
[PlyCount "98"]
[EventDate "2019.04.27"]
[EventType "tourn"]
[EventRounds "9"]
[EventCountry "MAD"]
[SourceTitle "EXT 2020"]
[Source "ChessBase"]
[SourceDate "2019.10.17"]
[SourceVersion "1"]
[SourceVersionDate "2019.10.17"]
[SourceQuality "1"]

1. e4 e5 2. Nf3 Nc6 3. d4 exd4 4. Nxd4 Qf6 5. c3 Bc5 6. Be3 Nge7 7. Be2 Bb6 8. 0-0 0-0 9. Na3 d5 10. Nxc6 bxc6 11. Bxb6 cxb6 12. Qd3 dxe4 13. Qxe4 Bf5 14. Qf3 Ng6 15. Rad1 Rae8 16. Bd3 Bxd3 17. Qxf6 gxf6 18. Rxd3 Re2 19. Nc4 b5 20. Nd2 Nf4 21. Rd6 Nd5 22. Rd1 Re6 23. Rd7 Re7 24. Rxe7 Nxe7 25. Ne4 Nd5 26. Kf1 Re8 27. Rxd5 Rxe4 28. Rd6 Re6 29. Rxe6 fxe6 30. Ke2 Kg7 31. Kd3 Kg6 32. Kd4 e5+ 33. Kc5 f5 34. Kxc6 f4 35. f3 a6 36. Kb6 Kf5 37. Kxa6 e4 38. fxe4+ Kxe4 39. Kxb5 Ke3 40. a4 Kf2 41. a5 Kxg2 42. a6 f3 43. a7 f2 44. a8Q+ Kxh2 45. Qf3 Kg1 46. Qg3+ Kf1 47. c4 Ke1 48. Qe3+ Kf1 49. c5 Kg1 1-0